Derechos humanos y democracia: la contribución de las organizaciones no gubernamentales
Guardat en:
| Autor principal: | |
|---|---|
| Format: | Llibre |
| Idioma: | espanyol |
| Publicat: |
Santiago
Instituto Interamericano de Derechos Humanos
1991
|
| Matèries: | |
| Etiquetes: |
Afegir etiqueta
Sense etiquetes, Sigues el primer a etiquetar aquest registre!
|
MARC
| LEADER | 00000nam a2200000 a 4500 | ||
|---|---|---|---|
| 001 | UCX2704 | ||
| 003 | CL-VaPUC | ||
| 008 | 910730e19910000CL |||||||||||||||||spa|d | ||
| 082 | 0 | 4 | |a 323.4 |b FRU |2 21 |
| 100 | 0 | |a Frühling E., Hugo |e author |9 318777 | |
| 245 | 1 | 0 | |a Derechos humanos y democracia: la contribución de las organizaciones no gubernamentales |
| 300 | |a 292 p | ||
| 942 | |c BK | ||
| 945 | |d 19910730 00:00:00 | ||
| 260 | |a Santiago |b Instituto Interamericano de Derechos Humanos |c 1991 | ||
| 650 | 0 | |a Derechos humanos |9 223025 | |
| 650 | 0 | |a Democracia |9 255256 | |
| 583 | |a last modification |c 19910730 00:00:00 |k Rodrigo Vera | ||
| 999 | |c 223668 |d 223666 | ||
| 952 | |0 0 |1 0 |4 0 |6 323_400000000000000_FRU_1991 |7 0 |8 A |9 219690 |a BIBGIM |b BIBGIM |d 2019-11-15 |i 2883791 |o 323.4 FRU 1991 |p 2883791 |r 2025-01-15 |w 2019-11-15 |y BK |k SSL | ||